|
|
|
|
| LEADER |
00000naa2a2200000 4500 |
| 001 |
671269 |
| 005 |
20240401161656.0 |
| 090 |
|
|
|a 671269
|
| 100 |
|
|
|a 20240306d2023 k||y0rusy50 ca
|
| 101 |
0 |
|
|a rus
|
| 102 |
|
|
|a RU
|
| 135 |
|
|
|a drcn ---uucaa
|
| 200 |
1 |
|
|a Особенности гидродинамического моделирования трещиноватого коллектора
|f А. С. Шадрин
|g науч. рук. В. С. Рукавишников ; Инженерная школа природных ресурсов НИ ТПУ
|
| 225 |
1 |
|
|a Технологии оценки, управления и разработки месторождений нефти и газа, моделирование и цифровые технологии
|
| 300 |
|
|
|a Заглавие с экрана
|
| 320 |
|
|
|a Библиография: с. 80
|
| 336 |
|
|
|a Текстовый файл
|
| 461 |
|
1 |
|0 669747
|t Проблемы геологии и освоения недр
|l Problems of Geology and Subsurface Development
|o труды XXVII Международного молодежного научного симпозиума имени академика М.А. Усова, посвященного 160-летию со дня рождения академика В.А. Обручева и 140-летию академика М.А. Усова, основателям Сибирской горно-геологической школы, 3-7 апреля 2023 г., г. Томск
|f Национальный исследовательский Томский политехнический университет, Инженерная школа природных ресурсов ; гл. ред. А. С. Боев ; под ред. Е. Ю. Пасечник
|d 2023
|9 669747
|a Боев, А. С. (химик ; 1981-)
|c Томск
|n Изд-во ТПУ
|
| 463 |
|
1 |
|0 669760
|t Т. 2
|v С. 79-80
|d 2023
|9 669760
|p 1 файл (8,2 MB, 263 с.)
|u conference_tpu-2023-C11_V2.pdf
|
| 610 |
1 |
|
|a труды учёных ТПУ
|
| 610 |
1 |
|
|a электронный ресурс
|
| 610 |
1 |
|
|a карбонатные коллекторы
|
| 610 |
1 |
|
|a поровое пространство
|
| 610 |
1 |
|
|a пустотное пространство
|
| 610 |
1 |
|
|a трещиноватые зоны
|
| 610 |
1 |
|
|a магистральные трещины
|
| 610 |
1 |
|
|a модели двойной проницаемости
|
| 610 |
1 |
|
|a моделирование
|
| 700 |
|
1 |
|a Шадрин
|b А. С.
|
| 702 |
|
1 |
|a Рукавишников
|b В. С.
|c специалист в области нефтегазового дела
|c директор Центра подготовки и переподготовки специалистов нефтегазового дела, доцент Томского политехнического университета, кандидат технических наук
|f 1984-
|g Валерий Сергеевич
|9 17597
|
| 712 |
0 |
2 |
|a Национальный исследовательский Томский политехнический университет
|b Инженерная школа природных ресурсов
|b Отделение нефтегазового дела
|9 28343
|
| 801 |
|
0 |
|a RU
|b 63413507
|c 20240306
|g RCR
|
| 856 |
4 |
|
|u http://earchive.tpu.ru/handle/11683/77849
|z http://earchive.tpu.ru/handle/11683/77849
|
| 942 |
|
|
|c CF
|